Vyrástlo na uhlí čriepky z Bane Dolina

Bibliographic Details
Main Author: Rončák, Emil, 1933- (Author)
Format: Book
Language:Slovak
PhysicalDescription:115 strán fotografie 21 cm
Published: Banská Bystrica Dali-BB, s.r.o. 2021
ISBN:9788081412639
Edition:Prvé vydanie
Subjects:

MARC

LEADER 00000nam a2200000 4500
001 vtls012075661
003 SK-MaSNL
005 20260302024654.0
008 211102s2021 xo o g 000 m slo
015 |a SNBA2023/02 
020 |a 9788081412639  |q (brožované) 
040 |a SNK  |b slo  |c SNK  |e rda 
041 0 |a slo 
044 |a xo  |c SK 
072 7 |a 821.162.4  |x Slovenská literatúra  |2 konspekt 
080 |a 821.162.4-32  |2 2011 
080 |a 821.162.4-1  |2 2011 
080 |a 622.012.2  |2 2011 
100 1 |a Rončák, Emil,  |d 1933-  |4 aut  |9 222308 
245 1 0 |a Vyrástlo na uhlí  |b čriepky z Bane Dolina  |c Emil Rončák 
246 3 0 |a Čriepky z Bane Dolina 
250 |a Prvé vydanie 
264 1 |a Banská Bystrica  |b Dali-BB, s.r.o.  |c 2021 
300 |a 115 strán  |b fotografie  |c 21 cm 
336 |a text  |b txt  |2 rdacontent 
337 |a bez média  |b n  |2 rdamedia 
338 |a zväzok  |b nc  |2 rdacarrier 
500 |a Obsahuje slovník 
650 0 7 |a bane  |2 SNKPH  |9 27434 
650 0 7 |a Mines  |2 SNKPHeng  |9 335490 
651 7 |a Baňa Dolina (Veľký Krtíš, Slovensko)  |2 SNKPHgeo  |9 673003 
655 7 |a slovenské príbehy  |2 SNKPH  |9 70494 
655 7 |a slovenská poézia  |2 SNKPH  |9 70444 
655 7 |a Slovak stories  |2 SNKPHeng  |9 277112 
655 7 |a Slovak poetry  |2 SNKPHeng  |9 265010 
919 |a 978-80-8141-263-9 
954 |a beletria pôvodná (slovenská)  |2 lita 
958 |a LX 
999 |c 1041313  |d 1043243 
952 |a SNK  |b SNK  |y PREZ  |7 0  |p 17A1468079  |o snkSC 195084  |i snk2021/16973  |8 0  |0 0  |1 0  |4 0  |d 2021-11-02  |l 0  |r 2025-10-15 00:00:00  |w 2026-02-24 
952 |a SNK  |b SNK  |y VYP  |7 0  |p 17A1468080  |o snkSC 195084 D1  |i snk2021/16974  |8 0  |0 0  |1 0  |4 0  |d 2021-11-02  |l 0  |r 2026-02-24 14:24:09  |w 2026-02-24